000 00829nam a22002417a 4500
003 0
005 20241009151237.0
008 241009b xxu||||| |||| 00| 0 eng d
020 _a9780316423823
050 _aPZ 7
_b.G821 2020
100 _aGregorio, I. W.,
_eauthor.
245 _aThis is my brain in love /
_cI.W. Gregorio.
250 _a1st ed.
260 _aNew York :
_bLittle, Brown and Company,
_c2020.
300 _a378 p. ;
_c22 cm.
520 _aRising high school juniors Jocelyn Wu and Will Domenici fall in love while trying to save the Wu family restaurant, A-Plus Chinese Garden.
650 _a Restaurants
_vFiction.
650 _aCooking, Chinese
_vFiction.
650 _aAnxiety disorders
_vFiction.
650 _aChinese Americans
_vFiction.
650 _aAfrican Americans
_vFiction.
942 _2lcc
_cBK
999 _c366472
_d366472